| 000 | 00585nam a2200193Ia 4500 | ||
|---|---|---|---|
| 003 | OSt | ||
| 005 | 20221007082727.0 | ||
| 006 | a|||||r|||| 00| 0 | ||
| 007 | ta | ||
| 008 | 221006b |||||||| |||| 00| 0 eng d | ||
| 024 | _a22,896 | ||
| 037 | _cDissertations | ||
| 040 |
_aFLL _cFLL _beng |
||
| 041 |
_2eng _aeng |
||
| 100 |
_aGupta Ms. ARchana Nee Sinha _9699339 |
||
| 245 | 0 | _aPowers of president under the constitution of India - reality and myth (with special reference hung parliament) | |
| 942 |
_cDIS _2CC |
||
| 999 |
_c1167526 _d1167526 |
||